00671nam a22002417a 450000500170000001000130001702000210003003500130005103700160006404000120008008200160009210000190010824500750012724600060020225000120020826000310022027000450025130000270029650000200032365000420034365000290038570000150041420170124105915.0 aA-505978 c00.00a058203096 aA-505978 bCen Lib/Ret aDPLbEN a327.03bPLA aPlano, Jack C. aInternational relations dictionary /cby Jack C. Plano [and] Roy Olton b  a4th ed. bABC-Clioc1998aCalifornia bCaliforniaaRiviera Campus, 2040 Alameda axxiii, 446p.c23cm(Hb) aIncludes index  aInternational relations vdictionary  aInternational relations  aOlton, Roy